<?xml version="1.0" encoding="UTF-8"?><?xml-stylesheet type="text/xsl" href="static/style.xsl"?><OAI-PMH xmlns="http://www.openarchives.org/OAI/2.0/" xmlns:xsi="http://www.w3.org/2001/XMLSchema-instance" xsi:schemaLocation="http://www.openarchives.org/OAI/2.0/ http://www.openarchives.org/OAI/2.0/OAI-PMH.xsd"><responseDate>2026-04-13T02:27:56Z</responseDate><request verb="GetRecord" identifier="oai:www.recercat.cat:10459.1/64826" metadataPrefix="marc">https://recercat.cat/oai/request</request><GetRecord><record><header><identifier>oai:recercat.cat:10459.1/64826</identifier><datestamp>2024-12-05T21:48:31Z</datestamp><setSpec>com_2072_3622</setSpec><setSpec>col_2072_479130</setSpec></header><metadata><record xmlns="http://www.loc.gov/MARC21/slim" xmlns:dcterms="http://purl.org/dc/terms/" xmlns:xsi="http://www.w3.org/2001/XMLSchema-instance" xmlns:doc="http://www.lyncode.com/xoai" xsi:schemaLocation="http://www.loc.gov/MARC21/slim http://www.loc.gov/standards/marcxml/schema/MARC21slim.xsd">
   <leader>00925njm 22002777a 4500</leader>
   <datafield ind2=" " ind1=" " tag="042">
      <subfield code="a">dc</subfield>
   </datafield>
   <datafield ind2=" " ind1=" " tag="720">
      <subfield code="a">Blanco Ortiz, Ricardo</subfield>
      <subfield code="e">author</subfield>
   </datafield>
   <datafield ind2=" " ind1=" " tag="720">
      <subfield code="a">Pemán García, Jesús</subfield>
      <subfield code="e">author</subfield>
   </datafield>
   <datafield ind2=" " ind1=" " tag="720">
      <subfield code="a">Rodríguez Ochoa, Rafael</subfield>
      <subfield code="e">author</subfield>
   </datafield>
   <datafield ind2=" " ind1=" " tag="720">
      <subfield code="a">Aunós Gómez, Álvaro</subfield>
      <subfield code="e">author</subfield>
   </datafield>
   <datafield ind2=" " ind1=" " tag="260">
      <subfield code="c">2018-10-05T07:22:59Z</subfield>
   </datafield>
   <datafield ind2=" " ind1=" " tag="260">
      <subfield code="c">2018-10-05T07:22:59Z</subfield>
   </datafield>
   <datafield ind2=" " ind1=" " tag="260">
      <subfield code="c">2013</subfield>
   </datafield>
   <datafield ind2=" " ind1=" " tag="520">
      <subfield code="a">Se aborda el estudio comparativo entre las masas de Pinus uncinata&#xd;
Ram., localizadas en la parroquia La Massana de Andorra y en el Pirineo catalán, desde la perspectiva de su potencial papel protector frente a aludes. La base de datos dasométricos se obtuvo, en el primer caso, de un inventario ad hoc, y en el segundo, de la información proporcionada por el Tercer Inventario Forestal Nacional.&#xd;
Los resultados sugieren que las masas de ambos entornos geográficos ofrecen aspectos comunes en cuanto a que muestran tendencia hacia la irregularidad, con una regeneración no ligada a las otras variables de masa y con una espesura poco condicionada por el gradiente altitudinal y que escasamente incide en la mortalidad. Las diferencias advertidas se centran en que en las masas de Cataluña se aprecia menores niveles de espesura, aunque aparecen estructuras capitalizadas en existencias volumétricas ausentes en Andorra, y que de modo general, ofrecen peores características&#xd;
en cuanto a su papel protector frente al desencadenamiento de avalanchas.</subfield>
   </datafield>
   <datafield ind2=" " ind1=" " tag="520">
      <subfield code="a">comparative study was carried out among stands of Pinus&#xd;
uncinata Ram. located, respectively, in La Massana (Andorra) and in the Catalonian Pyrenees, and give these sites an important role against snow avalanches. To check if there exist some differential attributes between Andorran and Catalonian sites, a dendrometric database was generated from sampling (Andorra) and from the information provided by the Third Forest National Inventory (Catalonian Pyrenees). As for their tendency towards uneven-aged stand structure, both geographical regions are quite similar. In fact, stand regeneration is not associated to other stocking variables, and stand stocking is not closely linked to the altitudinal gradient (which little affects mortality). However, Catalonian stands have shown less stocking and, in general, they offer worse characteristics for their protective role against avalanches compared with the Andorran stands.</subfield>
   </datafield>
   <datafield ind1="8" ind2=" " tag="024">
      <subfield code="a">http://hdl.handle.net/10459.1/64826</subfield>
   </datafield>
   <datafield tag="653" ind2=" " ind1=" ">
      <subfield code="a">Pirineos</subfield>
   </datafield>
   <datafield tag="653" ind2=" " ind1=" ">
      <subfield code="a">Análisis multivariante</subfield>
   </datafield>
   <datafield tag="653" ind2=" " ind1=" ">
      <subfield code="a">Distribución diamétrica</subfield>
   </datafield>
   <datafield tag="653" ind2=" " ind1=" ">
      <subfield code="a">Espesura</subfield>
   </datafield>
   <datafield ind2="0" ind1="0" tag="245">
      <subfield code="a">Estado comparativo de las masas de Pinus uncinata Ram. Potencialmente protectoras frente a aludes de una zona de Andorra y de Cataluña</subfield>
   </datafield>
   <datafield ind2="0" ind1="0" tag="245">
      <subfield code="a">Comparative state of the status of Pinus uncinata Ram. Potentially protective against snow of a zone Andorra and Catalonia (NE of Spain)</subfield>
   </datafield>
</record></metadata></record></GetRecord></OAI-PMH>